000 01031nam a22002175i 4500
001 152449
003 ES-MaACL
005 20251015063135.0
008 950421s1745 ne |||| | fre d
040 _aCAM
_cCCPB | SIC
_bspa
100 1 _aBossuet, Jacques Bénigne,
_d1627-1704
_930723
245 1 0 _aDéfense de la Declaration de la Assamblée du clergé de France de 1682, touchant la puissance ecclesiastique /
_cpar messire Benigne Bossuet, Evêque de Meaux ; traduite en françois, avec des notes ; tome second.
260 _aA Amsterdam :
_bAux dépens de la Compagnie,
_c1745.
300 _a[4], 491 [i.e. 495], [2] p. ;
_c4º.
597 _aSign. : []2, A-Z4, 2A-2Z4, 3A-3P4, 3Q5.
597 _aError de pag., de p. 191 a 188.
597 _aPort. con grab. xil.
597 _aAntep.
852 _aES-MaACL
_jR-1129-31
_z-- Enc. pasta
_z-- Ex-libris de la Biblioteca del Rey N. Señor
_zSello con la inscripción: Inventariado por Las Cortes, 1874
_x-- Olim: G-12047-49
999 _c152449
_d152449